Normal view MARC view
  • Science and state

Entry Topical Term

Number of records used in: 1

001 - CONTROL NUMBER

  • control field: 104802

003 - CONTROL NUMBER IDENTIFIER

  • control field: NUST

005 - DATE AND TIME OF LATEST TRANSACTION

  • control field: 20221213182337.0

008 - FIXED-LENGTH DATA ELEMENTS

  • fixed length control field: 221213|| aca||aabn | a|a d

040 ## - CATALOGING SOURCE

  • Original cataloging agency: NUST
  • Transcribing agency: NUST

150 ## - HEADING--TOPICAL TERM

  • Topical term or geographic name entry element: Science and state
  • Geographic subdivision: United States
  • General subdivision: Congresses

670 ## - SOURCE DATA FOUND

  • Source citation: Work cat.: (NUST)184811: Science, technology, and the issues of the eighties :, 1982.
© 2023 Central Library, National University of Sciences and Technology. All Rights Reserved.